|
|
|
|
| LEADER |
00000nas a2200000 i 4500 |
| 001 |
ssj0001257691 |
| 003 |
WaSeSS |
| 005 |
20200512172242.0 |
| 006 |
m d |
| 007 |
cr n |
| 008 |
120320c20149999enkar s | a0eng |
| 010 |
|
|
|a 2012201298
|
| 015 |
|
|
|a GBB5H8695
|2 bnb
|
| 016 |
7 |
|
|a 017043602
|2 Uk
|
| 022 |
|
|
|a 2166-5095
|
| 035 |
|
|
|a (WaSeSS)ssj0001257691
|
| 037 |
|
|
|b Routledge, Taylor & Francis, 4 Park Square, Milton Park, Abingdon, Oxfordshire, OX14 4RN, UK
|
| 040 |
|
|
|a DLC
|b eng
|c DLC
|d OCLCQ
|d DLC
|d OCLCO
|d OCLCF
|d OCLCO
|d CUS
|d OCLCA
|d NLE
|d UKMGB
|d VT2
|d UAB
|d U3W
|d COO
|d WaSeSS
|
| 042 |
|
|
|a pcc
|a nsdp
|
| 043 |
|
|
|a d------
|
| 050 |
0 |
0 |
|a HC10
|
| 082 |
1 |
0 |
|a 338.9
|2 23
|
| 222 |
|
0 |
|a Development studies research
|
| 245 |
0 |
0 |
|a Development studies research
|h [electronic resource].
|
| 246 |
1 |
|
|a DSR
|
| 260 |
|
|
|a Abingdon, Oxfordshire, UK :
|b Routledge, Taylor & Francis,
|c 2014-
|
| 310 |
|
|
|a Once a year
|
| 362 |
1 |
|
|a Began with: Volume 1, issue 1 (2014).
|
| 500 |
|
|
|a An open access journal.
|
| 506 |
|
|
|a License restrictions may limit access.
|
| 588 |
|
|
|a Description based on: Volume 1, issue 1 (2014); title from caption (tandfonline.com website, viewed June 12, 2015).
|
| 588 |
|
|
|a Latest issue consulted: Volume 2, issue 1 (2015) (viewed June 12, 2015).
|
| 650 |
|
0 |
|a Economic development
|v Periodicals.
|
| 650 |
|
0 |
|a Economic development
|x Research
|v Periodicals.
|
| 650 |
|
0 |
|a Economic development
|x Social aspects
|x Research
|v Periodicals.
|
| 650 |
|
7 |
|a Economic development.
|2 fast
|0 (OCoLC)fst00901785
|
| 650 |
|
7 |
|a Economic development
|x Research.
|2 fast
|0 (OCoLC)fst00901861
|
| 650 |
|
7 |
|a Economic development
|x Social aspects
|x Research.
|2 fast
|0 (OCoLC)fst00901868
|
| 650 |
|
7 |
|a Economic history.
|2 fast
|0 (OCoLC)fst00901974
|
| 651 |
|
0 |
|a Developing countries
|x Economic conditions
|v Periodicals.
|
| 651 |
|
7 |
|a Developing countries.
|2 fast
|0 (OCoLC)fst01242969
|
| 655 |
|
0 |
|a Electronic journals.
|
| 710 |
2 |
|
|a Taylor & Francis.
|
| 850 |
|
|
|a DLC
|
| 856 |
4 |
0 |
|z Full text available from Research Library: 12/01/2014 to present
|u https://search.proquest.com/publication/3933212
|